| 000 | 00525nam a2200193Ia 4500 | ||
|---|---|---|---|
| 005 | 20230426154730.0 | ||
| 008 | 131103s9999 xx 000 0 und d | ||
| 040 | _aLoreto College | ||
| 041 | _aEnglish | ||
| 082 |
_aTAG 891.44 _bTAG-CHA |
||
| 100 | _aChanda, Rani | ||
| 245 |
_aSab hotay apan _cRani Chanda |
||
| 260 |
_aCalcutta _bViswa-Bharati _c1984 |
||
| 300 | _a247p | ||
| 650 | _aTagore, Rabindranath, 1861-1941 - Criticism and Interpretation | ||
| 651 | _aBengali Literature | ||
| 856 | _uLCLIB | ||
| 942 | _cBK | ||
| 999 |
_c16921 _d67400 |
||